书目信息 |
| 题名: |
硼酸盐基稀土激活荧光粉的设计与光谱研究
|
|
| 作者: | 赵丹 , 张瑞娟 娟著 | |
| 分册: | ||
| 出版信息: | 西安 西安交通大学出版社 2019.12 |
|
| 页数: | 130页 | |
| 开本: | 26cm | |
| 丛书名: | ||
| 单 册: | ||
| 中图分类: | TQ128 | |
| 科图分类: | ||
| 主题词: | 硼酸盐--peng suan yan--荧光粉--发光材料--研究 | |
| 电子资源: | ||
| ISBN: | 978-7-5693-1265-2 | |
| 000 | 01107nam0 2200241 450 | |
| 001 | 0109110209 | |
| 005 | 20201109110338.0 | |
| 010 | @a978-7-5693-1265-2@dCNY98.00 | |
| 100 | @a20190724d2019 em y0chiy0110 ea | |
| 101 | 0 | @achi |
| 102 | @aCN@b610000 | |
| 105 | @ay z 000yy | |
| 106 | @ar | |
| 200 | 1 | @a硼酸盐基稀土激活荧光粉的设计与光谱研究@Apeng suan yan ji xi tu ji huo ying guang fen de she ji yu guang pu yan jiu@f赵丹, 张瑞娟著 |
| 210 | @a西安@c西安交通大学出版社@d2019.12 | |
| 215 | @a130页@d26cm | |
| 330 | @a本书研究了三大类无机硼酸盐基稀土激活荧光粉(K3LnB6O12(Ln=Eu,Gd,Tb,Lu)发光材料,PbLnB7O13(Ln=Sm,Eu,Gd,Tb)发光材料,Na3Sm(BO3)2发光材料),这些化合物具有新颖的结构,而且也具有优异的其发光性能。同时本专著主要完成三个方面的研究(1)探索新型硼酸盐晶体,研究新型结构对发光性能的影响;(2)设计出一系列颜色可调的荧光粉;(3)设计一系列自激活发光荧光粉。 | |
| 606 | 0 | @a硼酸盐@Apeng suan yan@x荧光粉@x发光材料@x研究 |
| 690 | @aTQ128@v5 | |
| 701 | 0 | @a赵丹@Azhao dan@4娟著 |
| 701 | 0 | @a张瑞娟@Azhang rui juan@4著 |
| 801 | 0 | @aCN@bBJSZM@c20201103 |
| 905 | @b1240531-3@dTQ128@e15@f3 | |
| 硼酸盐基稀土激活荧光粉的设计与光谱研究/赵丹, 张瑞娟著.-西安:西安交通大学出版社,2019.12 |
| 130页;26cm |
| ISBN 978-7-5693-1265-2:CNY98.00 |
| 本书研究了三大类无机硼酸盐基稀土激活荧光粉(K3LnB6O12(Ln=Eu,Gd,Tb,Lu)发光材料,PbLnB7O13(Ln=Sm,Eu,Gd,Tb)发光材料,Na3Sm(BO3)2发光材料),这些化合物具有新颖的结构,而且也具有优异的其发光性能。同时本专著主要完成三个方面的研究(1)探索新型硼酸盐晶体,研究新型结构对发光性能的影响;(2)设计出一系列颜色可调的荧光粉;(3)设计一系列自激活发光荧光粉。 |
| ● |
| 相关链接 |
|
|
|
|
正题名:硼酸盐基稀土激活荧光粉的设计与光谱研究
索取号:TQ128/15
 
预约/预借
| 序号 | 登录号 | 条形码 | 馆藏地/架位号 | 状态 | 备注 |
| 1 | 1240531 | 212405315 | 第二样本阅览室/ [索取号:TQ128/15] | 在馆 | |
| 2 | 1240532 | 212405324 | 第三借阅区/ [索取号:TQ128/15] | 在馆 | |
| 3 | 1240533 | 212405333 | 第三借阅区/ [索取号:TQ128/15] | 在馆 |